000 00453nam a2200169Ia 4500
003 GCL
008 140319s9999 xx 000 0 eng d
040 _aGCL /
_cGCL
082 0 4 _a708.1748
_bU U
100 1 _aUNIVERSITY MUSEUM
245 1 0 _aUNIVERSITY MUSEUM: PHILADELPHIA /
_cUNIVERSITY MUSEUM
260 _a[S.N] :
_bUNIVERSITY MUSEUM
650 0 4 _aMUSEUMS
650 0 4 _aPHILADELPHIA - UNIVERSITY
650 0 4 _aAMERICAN CULTURE
942 _2ddc
_cBK
999 _c19401
_d19401